000
00305nam a22001457a 4500
020
_a
0-590-11529-4
082
_a
001
_b
MAR/C
100
_a
MARKLE, SANDRA
245
_a
ICKY SQUISHY SCIENCE
260
_a
UK
_b
SCHOLASTIC INC
_c
1996
300
_a
70
520
_a
SCIENCE
650
_a
SCIENCE
942
_c
BK
999
_c
6143
_d
6143